000 01183nam a2200337 a 4500
001 vtls000184928
003 NLI
005 20210602111234.0
008 101125s1975 ii fa 001 0 eng
020 _cRs. 35.00
039 9 _y201011252220
_zVLOAD
040 _aNLI
_beng
_cDatasoft 1
_eAACR2
041 0 _aeng
044 _aii
082 0 4 _a335.0954
100 1 _aJoshi, P. C.
_q(Puran Chandra),
_d1907-1980
_9359127
245 1 0 _aMarx comes to India :
_bearliest Indian biographies of Karl Marx by Lala Hardayal and Swadeshabhimani Ramakrishna Pillai, with critical introductions /
_cP. C. Joshi [and] K. Damodaran
260 _aDelhi :
_bManohar Book Service,
_c1975
300 _a133 p., [3] leaves of plates :
_bill. ;
_c22 cm.
500 _aIncludes index
600 1 0 _aMarx, Karl,
_d1818-1883
_9150433
650 0 _aSocialism
_91133
700 1 _aHardayal, Lala,
_d1884-1939
_9359128
700 1 _aRamakrsnapilla, Ke.,
_d1878-1916
_9359129
700 1 _aDamodaran, K.,
_d1912-,
_4jt. aut
_9188645
887 _a
901 _aDB27818
_b05.09.1975
902 _aE 335.0954 J 78
942 _2ddc
_cBKS
949 _AVIRTUAITEM
_D10000
_X100
_6DBA000027818ENG
999 _aVIRTUA40
_c190657
_d190657